eIDŐ, avagy a szabadidő behálózása generációs kultúrafogyasztás a digitális korban /

Elmentve itt :
Bibliográfiai részletek
Szerző: Fekete Marianna
Dokumentumtípus: Könyv
Megjelent: Belvedere Meridionale Szeged 2018
Kulcsszavak:Szabadidő felhasználás, Információs társadalom - 21. sz., Tömegkommunikáció - médiahasználat, Számítógép-hálózat - Internet - hatása - tanulmányok
Tárgyszavak:
doi:10.14232/belvbook.2018.58535

Online Access:http://acta.bibl.u-szeged.hu/58535
LEADER 01003nam a2200229 i 4500
001 acta58535
005 20240530141900.0
008 190515s2018 hu o 000 hun d
020 |a 978-615-5372-93-3 
024 7 |a 10.14232/belvbook.2018.58535  |2 doi 
040 |a SZTE Egyetemi Kiadványok Repozitórium  |b hun 
041 |a hun 
100 1 |a Fekete Marianna 
245 1 0 |a eIDŐ, avagy a szabadidő behálózása   |h [elektronikus dokumentum] :  |b generációs kultúrafogyasztás a digitális korban /  |c  Fekete Marianna 
260 |a Belvedere Meridionale  |b Szeged  |c 2018 
300 |a 173  |c 24 
300 |a 1-173  |c 24 
561 |a Belvedere Meridionale kötetek 
650 4 |a Társadalomtudományok 
650 4 |a Média és kommunikáció 
695 |a Szabadidő felhasználás, Információs társadalom - 21. sz., Tömegkommunikáció - médiahasználat, Számítógép-hálózat - Internet - hatása - tanulmányok 
856 4 0 |u http://acta.bibl.u-szeged.hu/58535/1/2018_fekete_mariann_eido.pdf  |z Dokumentum-elérés